[Event "30. Torneo San Viator 2018"]
[Site "Madrid ESP"]
[Date "2018.06.03"]
[Round "8.6"]
[White "Julian Serra, Rogelio"]
[Black "Perez Calahorra, Ricardo"]
[Result "0-1"]
[WhiteElo "2002"]
[BlackElo "2064"]
[PlyCount "82"]
[EventDate "2018.04.08"]
[EventType "swiss"]
[EventRounds "9"]
[EventCountry "ESP"]
[SourceTitle "Ajedrez en Madrid"]
[Source "lmi"]
[SourceDate "2018.04.08"]

1. c4 Nf6 2. g3 e5 3. Bg2 c6 4. d4 exd4 5. Qxd4 d5 6. Nf3 Be6 7. O-O Be7 8. Ng5
Qd7 9. Nxe6 Qxe6 10. cxd5 cxd5 11. Qa4+ Nc6 12. Qb3 O-O 13. Nc3 Rfd8 14. Bg5 d4
15. Qxe6 fxe6 16. Ne4 Nxe4 17. Bxe7 Nxg3 18. Bxd8 Nxe2+ 19. Kh1 Rxd8 20. Rfe1
d3 21. Bxc6 bxc6 22. Kg2 Kf7 23. Rad1 Rd5 24. Kf3 e5 25. Ke4 Nf4 26. Kf3 Ke6
27. Re4 Rc5 28. Rxf4 exf4 29. Rxd3 g5 30. b4 Rd5 31. Rc3 Rd6 32. Rc5 h6 33. h4
gxh4 34. Kg4 Rd2 35. Rxc6+ Ke5 36. f3 Rg2+ 37. Kxh4 Rxa2 38. Rxh6 Rh2+ 39. Kg5
Rxh6 40. Kxh6 Kd4 41. Kg5 Ke5 0-1

[Event "30. Torneo San Viator 2018"]
[Site "Madrid ESP"]
[Date "2018.06.03"]
[Round "8.7"]
[White "Fernandez Rios, Jose Francisco"]
[Black "Ramos Del Campo, Alexander"]
[Result "0-1"]
[WhiteElo "1741"]
[BlackElo "2176"]
[PlyCount "56"]
[EventDate "2018.04.08"]
[EventType "swiss"]
[EventRounds "9"]
[EventCountry "ESP"]
[SourceTitle "Ajedrez en Madrid"]
[Source "lmi"]
[SourceDate "2018.04.08"]

1. d4 Nf6 2. c4 e6 3. Nf3 Bb4+ 4. Nbd2 O-O 5. a3 Be7 6. e3 b6 7. Bd3 Bb7 8. O-O
d6 9. Qc2 c5 10. b4 Qc7 11. Bb2 Nbd7 12. dxc5 bxc5 13. b5 Rfd8 14. Ng5 h6 15.
Nge4 d5 16. Nxf6+ Nxf6 17. f4 Ng4 18. Rae1 d4 19. exd4 cxd4 20. Qc1 Rac8 21.
Be4 Bxe4 22. Rxe4 Qb6 23. Qe1 Ne3 24. Bxd4 Rxd4 25. Rxe3 Rd3 26. Rff3 Bc5 27.
Nf1 Bxe3+ 28. Nxe3 Rxc4 0-1

[Event "30. Torneo San Viator 2018"]
[Site "Madrid ESP"]
[Date "2018.06.03"]
[Round "8.8"]
[White "Gil Sierra, Jacinto"]
[Black "Pajuelo Morales, Raul"]
[Result "1-0"]
[WhiteElo "1897"]
[BlackElo "2005"]
[PlyCount "120"]
[EventDate "2018.04.08"]
[EventType "swiss"]
[EventRounds "9"]
[EventCountry "ESP"]
[SourceTitle "Ajedrez en Madrid"]
[Source "lmi"]
[SourceDate "2018.04.08"]

1. e4 c5 2. Nf3 d6 3. d4 cxd4 4. Nxd4 Nf6 5. Nc3 a6 6. h3 e6 7. g4 b5 8. Bg2
Bb7 9. a3 Be7 10. O-O Qc7 11. Re1 Nc6 12. Nxc6 Bxc6 13. Qd4 e5 14. Qd3 Qb7 15.
Be3 Nd7 16. Nd5 Bxd5 17. Qxd5 Qxd5 18. exd5 O-O 19. c3 Rfc8 20. a4 bxa4 21.
Rxa4 Bd8 22. Rea1 a5 23. Bf1 Rab8 24. R1a2 Nc5 25. Rc4 Rb3 26. Bxc5 dxc5 27.
Re4 f6 28. Bc4 Rbb8 29. f4 Kf8 30. fxe5 fxe5 31. Rxe5 Bf6 32. Re2 Re8 33. Rf2
Re4 34. g5 Rxc4 35. gxf6 gxf6 36. Rxa5 Rd8 37. Rxf6+ Kg7 38. Rc6 Rh4 39. Kg2 c4
40. Ra7+ Kf8 41. Rf6+ Ke8 42. Rg7 Rxd5 43. Rg4 Rxg4+ 44. hxg4 Rd2+ 45. Rf2 Rd7
46. Kf3 Kf7 47. Ke3+ Kg6 48. Rf4 Rc7 49. Kd4 Kg5 50. Re4 Rb7 51. Kxc4 Rxb2 52.
Kd5 Rd2+ 53. Ke6 Rc2 54. c4 h5 55. gxh5 Kxh5 56. Kd5 Kg6 57. Rf4 Rd2+ 58. Kc6
Kg5 59. Rf8 Kg6 60. c5 Kg7 1-0

[Event "30. Torneo San Viator 2018"]
[Site "Madrid ESP"]
[Date "2018.06.03"]
[Round "8.9"]
[White "Camarero Izquierdo, Juan Carlos"]
[Black "Linares Leyva, David"]
[Result "1-0"]
[WhiteElo "1946"]
[BlackElo "1756"]
[PlyCount "57"]
[EventDate "2018.04.08"]
[EventType "swiss"]
[EventRounds "9"]
[EventCountry "ESP"]
[SourceTitle "Ajedrez en Madrid"]
[Source "lmi"]
[SourceDate "2018.04.08"]

1. d4 Nf6 2. Nc3 d5 3. Bg5 e6 4. e4 Be7 5. Bxf6 Bxf6 6. e5 Be7 7. Qg4 O-O 8.
O-O-O c5 9. dxc5 Nd7 10. f4 Nxc5 11. Nf3 f5 12. Qh3 Ne4 13. Nxe4 fxe4 14. Nd4
Rxf4 15. Be2 Qb6 16. Bg4 e3 17. Bxe6+ Kh8 18. Bxc8 Rxd4 19. Rxd4 Qxd4 20. Qd7
Qc5 21. Bxb7 Rd8 22. Qc6 Qb4 23. Ba6 Qd2+ 24. Kb1 e2 25. Bxe2 Qxe2 26. Qc7 Qxg2
27. Rc1 Qg5 28. Rf1 Qg2 29. Qxd8+ 1-0

[Event "30. Torneo San Viator 2018"]
[Site "Madrid ESP"]
[Date "2018.06.03"]
[Round "8.11"]
[White "Muñoz Cebey, Ricardo"]
[Black "Garcia Galeote, Lorenzo"]
[Result "0-1"]
[WhiteElo "1793"]
[BlackElo "1972"]
[PlyCount "84"]
[EventDate "2018.04.08"]
[EventType "swiss"]
[EventRounds "9"]
[EventCountry "ESP"]
[SourceTitle "Ajedrez en Madrid"]
[Source "lmi"]
[SourceDate "2018.04.08"]

1. c4 b6 2. Nf3 Bb7 3. g3 Bxf3 4. exf3 c5 5. d4 cxd4 6. Qxd4 Nc6 7. Qd1 Rc8 8.
Nc3 g6 9. b3 Bg7 10. Bb2 Nh6 11. Bg2 O-O 12. O-O Nf5 13. f4 h5 14. Qd2 d6 15.
Rad1 Qd7 16. Rfe1 Ncd4 17. Nd5 e6 18. Ne3 Rfd8 19. Nxf5 Nxf5 20. Bxg7 Kxg7 21.
Qb2+ Kg8 22. Rd3 b5 23. cxb5 Qxb5 24. Rc3 Rxc3 25. Qxc3 Qa6 26. a4 Rc8 27. Qb2
Qb6 28. Rd1 Rc4 29. Qd2 Qxb3 30. Qe1 Qxa4 31. Ra1 Qd7 32. Qa5 Rc7 33. Rb1 Qc8
34. Bf1 Rc1 35. Rxc1 Qxc1 36. Qxa7 Qc3 37. Bh3 Qe1+ 38. Kg2 Qe4+ 39. Kg1 Nd4
40. Qb8+ Kg7 41. Qxd6 Nf3+ 42. Kg2 Ng5+ 0-1

[Event "30. Torneo San Viator 2018"]
[Site "Madrid ESP"]
[Date "2018.06.03"]
[Round "8.12"]
[White "Campos Tores, Jose Luis"]
[Black "Manas Molina, Angel"]
[Result "1-0"]
[WhiteElo "1894"]
[BlackElo "1829"]
[PlyCount "65"]
[EventDate "2018.04.08"]
[EventType "swiss"]
[EventRounds "9"]
[EventCountry "ESP"]
[SourceTitle "Ajedrez en Madrid"]
[Source "lmi"]
[SourceDate "2018.04.08"]

1. d4 Nf6 2. c4 c5 3. d5 b5 4. Nd2 g6 5. e4 d6 6. Ngf3 Bg7 7. cxb5 a6 8. Qa4
O-O 9. Qc2 Bd7 10. b6 Qxb6 11. Nc4 Qc7 12. h3 a5 13. Bd2 e6 14. Bf4 Ne8 15. Bd3
exd5 16. exd5 Na6 17. O-O Nb4 18. Qd2 Nxd3 19. Qxd3 Bf5 20. Qd2 Ra6 21. g4 Bc8
22. Rfe1 Nf6 23. Ng5 Bb7 24. Ne4 Rd8 25. Nexd6 Bxd5 26. Nf5 Bxc4 27. Qc1 Qb7
28. Ne7+ Kf8 29. Qxc4 Rd4 30. Qxc5 Rd7 31. Nd5+ Kg8 32. Nxf6+ Rxf6 33. Re8+ 1-0

[Event "30. Torneo San Viator 2018"]
[Site "Madrid ESP"]
[Date "2018.06.03"]
[Round "8.14"]
[White "Casares Sanchez, Rodrigo"]
[Black "Del Rio Perezagua, Mario"]
[Result "0-1"]
[WhiteElo "1702"]
[BlackElo "1881"]
[PlyCount "128"]
[EventDate "2018.04.08"]
[EventType "swiss"]
[EventRounds "9"]
[EventCountry "ESP"]
[SourceTitle "Ajedrez en Madrid"]
[Source "lmi"]
[SourceDate "2018.04.08"]

1. e4 c5 2. Nf3 d6 3. d4 cxd4 4. Nxd4 Nf6 5. Nc3 a6 6. h3 e5 7. Nde2 Be6 8. Bg5
Nbd7 9. g3 h6 10. Be3 Be7 11. Bg2 O-O 12. O-O Qc7 13. f4 Nb6 14. f5 Bd7 15. b3
Bc6 16. Nd5 Bxd5 17. exd5 Rac8 18. c4 Nbd7 19. Rc1 Qb8 20. Nc3 Bd8 21. Kh1 Bb6
22. Bd2 Ba7 23. g4 b5 24. cxb5 axb5 25. g5 hxg5 26. Bxg5 b4 27. Bxf6 Nxf6 28.
Ne4 Nxe4 29. Bxe4 Rc3 30. Rxc3 bxc3 31. f6 Qb4 32. Qg4 g6 33. a3 Qd4 34. Rd1
Qf2 35. Bxg6 Qxf6 36. Bf5+ Qg7 37. Qf3 Bd4 38. Rc1 Rb8 39. Bc2 Ra8 40. a4 Rb8
41. Re1 Kf8 42. Qf1 Ke7 43. Qd3 Kf8 44. Qf1 Ke7 45. Qd3 Rh8 46. Kh2 Rh4 47. Qf3
Kd8 48. Qg2 Qh6 49. Rf1 Rf4 50. Rf3 Qf6 51. Rxf4 Qxf4+ 52. Kh1 Qc1+ 53. Kh2
Bg1+ 54. Qxg1 Qxc2+ 55. Kh1 Qe4+ 56. Kh2 Qf4+ 57. Kh1 Qf3+ 58. Kh2 Qxd5 59.
Qg8+ Kc7 60. Qf8 Kd7 61. Qb8 c2 62. Qa7+ Ke6 63. Qg1 Qd2+ 64. Kh1 c1=R 0-1

[Event "30. Torneo San Viator 2018"]
[Site "Madrid ESP"]
[Date "2018.06.03"]
[Round "8.15"]
[White "Gonzalez-Ruano Perez, Cesar"]
[Black "Montoya Gandia, Manuel"]
[Result "1-0"]
[WhiteElo "1833"]
[BlackElo "1639"]
[PlyCount "53"]
[EventDate "2018.04.08"]
[EventType "swiss"]
[EventRounds "9"]
[EventCountry "ESP"]
[SourceTitle "Ajedrez en Madrid"]
[Source "lmi"]
[SourceDate "2018.04.08"]

1. e4 c5 2. a3 Nc6 3. b4 cxb4 4. axb4 Nxb4 5. c3 Nc6 6. d4 d5 7. exd5 Qxd5 8.
Na3 Nf6 9. Nb5 Kd8 10. c4 Qe4+ 11. Be2 Bd7 12. Nf3 e5 13. O-O exd4 14. Ng5 Qe8
15. Re1 Bb4 16. Bd2 Qf8 17. Bxb4 Nxb4 18. Nxa7 Rb8 19. Qxd4 b6 20. Qe5 Rb7 21.
Bf3 Rc7 22. Nb5 Bxb5 23. Qxb5 Qc5 24. Ra8+ Rc8 25. Nxf7+ Kc7 26. Ra7+ Kb8 27.
Rb7+ 1-0

[Event "30. Torneo San Viator 2018"]
[Site "Madrid ESP"]
[Date "2018.06.03"]
[Round "8.17"]
[White "Lobato Rivero, Carlos"]
[Black "Fernandez Quintero, Jose Antonio"]
[Result "1-0"]
[WhiteElo "1968"]
[BlackElo "1813"]
[PlyCount "75"]
[EventDate "2018.04.08"]
[EventType "swiss"]
[EventRounds "9"]
[EventCountry "ESP"]
[SourceTitle "Ajedrez en Madrid"]
[Source "lmi"]
[SourceDate "2018.04.08"]

1. e4 e6 2. b3 d5 3. Bb2 dxe4 4. Nc3 Nf6 5. g4 e3 6. fxe3 Bd7 7. Bg2 Bc6 8. Qe2
Bxg2 9. Qxg2 c6 10. O-O-O Qa5 11. Nge2 Ba3 12. Rhf1 Bxb2+ 13. Kxb2 Qg5 14. Rf4
Nbd7 15. Rdf1 O-O 16. h4 Qc5 17. Qf2 h5 18. d4 Qa5 19. gxh5 Qxh5 20. e4 Ng4 21.
Qf3 Ngf6 22. Qh3 Rad8 23. Rg1 Qh6 24. Rf3 Nh5 25. Rg5 Ndf6 26. e5 Nd5 27. Nxd5
cxd5 28. Qg4 g6 29. Ng3 Ng7 30. h5 Rc8 31. hxg6 Rxc2+ 32. Kxc2 Qh2+ 33. Kd3 Rc8
34. gxf7+ Kf8 35. Ne2 Qh7+ 36. Ke3 Nf5+ 37. Rfxf5 exf5 38. Qxf5 1-0

[Event "30. Torneo San Viator 2018"]
[Site "Madrid ESP"]
[Date "2018.06.03"]
[Round "8.18"]
[White "Uceda Martinez, Jacinto"]
[Black "Recuenco Andres, Javier"]
[Result "0-1"]
[WhiteElo "1782"]
[BlackElo "1869"]
[PlyCount "72"]
[EventDate "2018.04.08"]
[EventType "swiss"]
[EventRounds "9"]
[EventCountry "ESP"]
[SourceTitle "Ajedrez en Madrid"]
[Source "lmi"]
[SourceDate "2018.04.08"]

1. d4 d6 2. c4 e5 3. d5 f5 4. Nc3 e4 5. g3 Nf6 6. Bg2 Be7 7. e3 Nbd7 8. Nge2
Ne5 9. O-O O-O 10. b3 Nd3 11. Nf4 Nxc1 12. Rxc1 g5 13. Nfe2 Ng4 14. h3 Ne5 15.
f4 exf3 16. Bxf3 Nxf3+ 17. Rxf3 Qe8 18. Nd4 Qg6 19. Ncb5 Bd8 20. Qf1 a6 21. Nc3
Be7 22. Re1 Bd7 23. e4 f4 24. g4 h5 25. Nf5 Bf6 26. e5 dxe5 27. Rxe5 Bxf5 28.
Rxf5 Bd4+ 29. Kg2 Rxf5 30. gxf5 Qxf5 31. Qe2 g4 32. hxg4 hxg4 33. Rxf4 Qxf4 34.
Qe6+ Kh7 35. Ne4 Qf3+ 36. Kh2 Qh3# 0-1

[Event "30. Torneo San Viator 2018"]
[Site "Madrid ESP"]
[Date "2018.06.03"]
[Round "8.19"]
[White "Matesanz Bonastre, Rafael"]
[Black "Rojo Jorge, Luis"]
[Result "1-0"]
[WhiteElo "1856"]
[BlackElo "1654"]
[PlyCount "47"]
[EventDate "2018.04.08"]
[EventType "swiss"]
[EventRounds "9"]
[EventCountry "ESP"]
[SourceTitle "Ajedrez en Madrid"]
[Source "lmi"]
[SourceDate "2018.04.08"]

1. d4 Nf6 2. c4 g6 3. Nc3 d5 4. cxd5 Nxd5 5. e4 Nxc3 6. bxc3 Bg7 7. Bc4 c5 8.
Nf3 O-O 9. O-O Nc6 10. Be3 cxd4 11. cxd4 Qa5 12. Qb3 Qb4 13. Rfd1 Qd6 14. e5
Qc7 15. Rac1 Qd8 16. e6 f5 17. d5 Na5 18. Qb4 Nxc4 19. Qxc4 Qd6 20. Bc5 Qd8 21.
d6 exd6 22. e7+ d5 23. exd8=Q Rxd8 24. Rxd5 1-0

[Event "30. Torneo San Viator 2018"]
[Site "Madrid ESP"]
[Date "2018.06.03"]
[Round "8.20"]
[White "Sanchez Gomez, Emiliano"]
[Black "Cano Mercado, Francisco Manuel"]
[Result "1/2-1/2"]
[WhiteElo "1742"]
[BlackElo "1824"]
[PlyCount "85"]
[EventDate "2018.04.08"]
[EventType "swiss"]
[EventRounds "9"]
[EventCountry "ESP"]
[SourceTitle "Ajedrez en Madrid"]
[Source "lmi"]
[SourceDate "2018.04.08"]

1. e4 e6 2. d4 d5 3. e5 c5 4. c3 Qb6 5. Nf3 Nc6 6. Bd3 Bd7 7. dxc5 Bxc5 8. O-O
Nh6 9. Qe2 Be7 10. Bf4 Nf5 11. h3 h6 12. b4 g5 13. Bh2 h5 14. b5 Na5 15. Bxf5
exf5 16. Nd4 Be6 17. Qd3 f4 18. Nf5 Nc4 19. Ng7+ Kf8 20. Nxe6+ Qxe6 21. Re1 Bc5
22. Nd2 Kg7 23. Nf3 Kh6 24. h4 gxh4 25. Bxf4+ Kg7 26. Nxh4 Rhg8 27. Nf5+ Kh8
28. Qf3 Qg6 29. Nd4 Qg4 30. Qxg4 Rxg4 31. g3 Rag8 32. Kh2 h4 33. a4 Nb2 34. Re3
Nc4 35. Rf3 R8g7 36. Kg2 hxg3 37. fxg3 R7g6 38. Rh1+ Kg8 39. Re1 Bxd4 40. cxd4
Kf8 41. Ref1 Ke8 42. Rh1 Nb6 43. Ra1 1/2-1/2

[Event "30. Torneo San Viator 2018"]
[Site "Madrid ESP"]
[Date "2018.06.03"]
[Round "8.21"]
[White "Sanchez Fernandez, Juan Antonio"]
[Black "Conchillo Roman, Jose Ignacio"]
[Result "1/2-1/2"]
[WhiteElo "1751"]
[BlackElo "1553"]
[PlyCount "71"]
[EventDate "2018.04.08"]
[EventType "swiss"]
[EventRounds "9"]
[EventCountry "ESP"]
[SourceTitle "Ajedrez en Madrid"]
[Source "lmi"]
[SourceDate "2018.04.08"]

1. e4 d6 2. d4 Nf6 3. Nc3 g6 4. f4 Bg7 5. Nf3 c5 6. e5 dxe5 7. Bb5+ Bd7 8. dxe5
Ng4 9. O-O O-O 10. Bxd7 Qxd7 11. Qxd7 Nxd7 12. Nd5 e6 13. Nc7 Rab8 14. Nb5 a6
15. Nd6 b5 16. h3 Nh6 17. Ng5 Nf5 18. Nxf5 gxf5 19. Be3 Rfd8 20. Rad1 h6 21.
Nf3 f6 22. Rd6 Kf7 23. Rfd1 Ke7 24. Rxa6 fxe5 25. Nxe5 Nxe5 26. Bxc5+ Kf7 27.
Rxd8 Rxd8 28. fxe5 Rd1+ 29. Kf2 Rd2+ 30. Kf3 Bxe5 31. b4 Rxc2 32. a4 Rc3+ 33.
Ke2 bxa4 34. Rxa4 Rb3 35. Ra7+ Kg6 36. Ra6 1/2-1/2

[Event "30. Torneo San Viator 2018"]
[Site "Madrid ESP"]
[Date "2018.06.03"]
[Round "8.22"]
[White "Tenorio Garcia, Joel"]
[Black "Tudela Garcia, Antonio"]
[Result "1/2-1/2"]
[WhiteElo "1593"]
[BlackElo "1562"]
[PlyCount "97"]
[EventDate "2018.04.08"]
[EventType "swiss"]
[EventRounds "9"]
[EventCountry "ESP"]
[SourceTitle "Ajedrez en Madrid"]
[Source "lmi"]
[SourceDate "2018.04.08"]

1. e4 e5 2. Nf3 Nc6 3. Nc3 Nf6 4. d4 exd4 5. Nxd4 Bb4 6. Nxc6 bxc6 7. Bd3 d6 8.
O-O O-O 9. Bg5 h6 10. Bh4 g5 11. Bg3 Bg4 12. Qd2 Nh5 13. f4 Bc5+ 14. Kh1 Nxg3+
15. hxg3 gxf4 16. Qxf4 Qg5 17. Qf6 Rae8 18. Bc4 Be6 19. Be2 Qxf6 20. Rxf6 Kg7
21. Raf1 Bd4 22. R6f4 Be5 23. R4f3 h5 24. Re3 Bg4 25. Bf3 Re6 26. Rd3 Rg6 27.
Bxg4 hxg4 28. b3 Rh8+ 29. Kg1 Rgh6 30. Kf2 Rf6+ 31. Ke2 Rxf1 32. Kxf1 Rh1+ 33.
Ke2 Rc1 34. Kd2 Rg1 35. Ne2 Rxg2 36. c3 Rf2 37. b4 Rf3 38. a4 Kf6 39. a5 Ke7
40. Rxf3 gxf3 41. Nd4 Kd7 42. Nxf3 Bxg3 43. Kd3 a6 44. Kc4 f6 45. Kd3 Be5 46.
Nd2 Kc8 47. c4 Kb7 48. Nb3 Ka7 49. c5 1/2-1/2

[Event "30. Torneo San Viator 2018"]
[Site "Madrid ESP"]
[Date "2018.06.03"]
[Round "8.23"]
[White "Mihalcea, George Andrei"]
[Black "Alvarez Poves, Jesus"]
[Result "1-0"]
[WhiteElo "1791"]
[BlackElo "1755"]
[PlyCount "60"]
[EventDate "2018.04.08"]
[EventType "swiss"]
[EventRounds "9"]
[EventCountry "ESP"]
[SourceTitle "Ajedrez en Madrid"]
[Source "lmi"]
[SourceDate "2018.04.08"]

1. d4 Nf6 2. c4 c5 3. d5 e6 4. Nc3 exd5 5. cxd5 Bd6 6. e4 Be5 7. Nge2 O-O 8. f4
Bxc3+ 9. Nxc3 Nxe4 10. Nxe4 Re8 11. Bd3 f5 12. d6 fxe4 13. Bc4+ Kh8 14. O-O Nc6
15. b3 Qf6 16. Rb1 Nd4 17. Qh5 Rf8 18. Qxc5 Nf5 19. Bb2 Qxd6 20. Qf2 Qe7 21.
Rbe1 Re8 22. g4 Nh6 23. h3 d6 24. f5 e3 25. Qf4 Ng8 26. g5 Nf6 27. gxf6 gxf6
28. Qh6 Rf8 29. Rxe3 Qd8 30. Re8 Qb6+ 1-0

[Event "30. Torneo San Viator 2018"]
[Site "Madrid ESP"]
[Date "2018.06.03"]
[Round "8.24"]
[White "Barahona Torrijos, Angel"]
[Black "Alvarez Cerbero, Julio Enrique"]
[Result "0-1"]
[WhiteElo "1862"]
[BlackElo "1501"]
[PlyCount "62"]
[EventDate "2018.04.08"]
[EventType "swiss"]
[EventRounds "9"]
[EventCountry "ESP"]
[SourceTitle "Ajedrez en Madrid"]
[Source "lmi"]
[SourceDate "2018.04.08"]

1. d4 g6 2. e4 Bg7 3. Bc4 e6 4. Nf3 a6 5. a4 d6 6. Bg5 Ne7 7. Nbd2 Nbc6 8. d5
Na5 9. dxe6 Nxc4 10. exf7+ Kxf7 11. Nxc4 Be6 12. Nfd2 Rf8 13. O-O Kg8 14. Ne3
Qd7 15. c3 b5 16. f4 b4 17. Qc2 Rab8 18. Qd3 bxc3 19. bxc3 Nc6 20. f5 Bf7 21.
f6 Ne5 22. Qe2 Bh8 23. Nf3 Qc6 24. Nxe5 dxe5 25. Ng4 h5 26. Nxe5 Qc5+ 27. Be3
Qxe5 28. Bd4 Qe6 29. Rf3 Rfe8 30. e5 Bxf6 31. Rxf6 Qxf6 0-1